Diseno de superestructura de madera para puentes de caminos vecinales

保存先:
書誌詳細
第一著者: Fiatt Seravalli, Roberto
フォーマット: 学位論文 図書
言語:Undetermined
出版事項: 1982
主題:
> > > > PUENTES
タグ: タグ追加
タグなし, このレコードへの初めてのタグを付けませんか!

MARC

LEADER 00000nam a2200000Ia 4500
001 2028
008 140114s9999 xx 000 0 und d
100 |a Fiatt Seravalli, Roberto 
245 |a Diseno de superestructura de madera para puentes de caminos vecinales 
260 |c 1982 
500 |a NULL 
502 |a Escuela de ingenieria Civil 
650 |z PUENTES 
999 |c 11488  |d 11488